Tres textos sobre Heidegger /

Obra que selecciona tres de las conferencias presentadas en el Coloquio Heidegger Questions Ouvertes, celebrado en marzo de 1987 en París y organizado por el Collège International de Philosophie. En ellos se interpreta el pensamiento Heidegger (1889-1976), filósofo alemán a quien se le ha vinculado...

Whakaahuatanga katoa

I tiakina i:
Ngā taipitopito rārangi puna kōrero
Kaituhi matua: Abensour, Miguel (autor)
Ētahi atu kaituhi: Levinas, Emmanuel (autor) (autor), Derrida, Jacques (autor) (autor)
Hōputu: Pukapuka
Reo:Pāniora
Ngā marau:
Ngā Tūtohu: Tāpirihia he Tūtohu
Kāore He Tūtohu, Me noho koe te mea tuatahi ki te tūtohu i tēnei pūkete!

MARC

LEADER 00000nam^a2200000^a^4500
001 000263800
005 20250521000000.0
009 20260310110625.358
020 |a 965-8415-06-8 
037 |a Acervo ITESO - Biblioteca 
041 |a ESP 
082 |a 142. 7  |b ABE 
100 |a Abensour, Miguel  |e (autor) 
245 1 0 |a Tres textos sobre Heidegger /  |c M. Abensour, E. Levinas, J. Derrida ; presen y tr. por Alejandro Madrid. 
264 |a Santiago, Chile :  |b Metales Pesados,  |c ca. 2005 
300 |a 116 p. 
336 |a texto  |b txt  |2 rdacontenido 
337 |a sin mediación  |b n  |2 rdamedio 
338 |a volumen  |b nc  |2 rdasoporte 
520 |a Obra que selecciona tres de las conferencias presentadas en el Coloquio Heidegger Questions Ouvertes, celebrado en marzo de 1987 en París y organizado por el Collège International de Philosophie. En ellos se interpreta el pensamiento Heidegger (1889-1976), filósofo alemán a quien se le ha vinculado con el nazismo. 
649 |a XX 
650 |a Filósofos Alemanes 
650 |a Ontología 
650 |a Metafísica 
650 |a Fenomenología -  |x Historia y Crítica -  |x Tema Principal 
650 |a Filosofía del Siglo XX -  |x Historia y Crítica 
650 |a Filosofía Alemana -  |x Historia y Crítica 
650 |a Heidegger, Martin -  |x Tema Principal 
740 |a Reencuentro, silencioso /  |c M. Abensour ; presen y tr. por Alejandro Madrid. 
740 |a Morir por___ /  |c E. Levinas ; presen y tr. por Alejandro Madrid. 
740 |a Del espíritu /  |c J. Derrida ; presen y tr. por Alejandro Madrid. 
700 |a Levinas, Emmanuel  |e (autor) 
700 |a Derrida, Jacques  |e (autor) 
910 |a Fondo General 
920 |a Impresos - Libros 
930 |a Colección General 
905 |a 101 
901 |a 0500144666  |b IT1  |c ACC  |u 20250521 
902 |a https://opac.biblio.iteso.mx/vufind/Record/000263800